Click the Eponymous TV Show Character Quiz Stats

 Plays Quiz Updated Apr 12, 2016

Challenge
Share
Tweet
Score 0/14 Timer 03:00
0 Plays Today
% Correct
Xena
96.6%
Grey
94.8%
Lucy
94.4%
Buffy
94.2%
Sabrina
94.1%
House
93.5%
Raymond
93.2%
% Correct
Knight
92.6%
Earl
91.9%
Fawlty
91.4%
Saul
90.8%
Magnum
88.4%
Chris
86.3%
Hutch
85.9%

You're not logged in!

Compare scores with friends on all Sporcle quizzes.
OR
Log In

You Might Also Like...

Show Comments

Extras

Top Quizzes Today


Score Distribution

Your Account Isn't Verified!

In order to create a playlist on Sporcle, you need to verify the email address you used during registration. Go to your Sporcle Settings to finish the process.

Report this User

Report this user for behavior that violates our Community Guidelines.

Details: